<The> fine-tuned organization.
Na základe paralely s orchestrom rozoberajú sa funkcie a úlohy jednotlivých útvarov a pracovníkov podniku pri zabezpečovaní akosti produkcie alebo služieb. Chovanie a vedenie účastníkov procesu, od najímania pracovníkov, až po vytvorenie želaného produktu.
Salvato in:
| Autore principale: | |
|---|---|
| Altri autori: | |
| Natura: | Capitolo di libro |
| Lingua: | inglese |
| Soggetti: | |
| Tags: |
Nessun Tag, puoi essere il primo ad aggiungerne!!
|
MARC
| LEADER | 00000naa a2200000 4500 | ||
|---|---|---|---|
| 001 | r008765 | ||
| 005 | 20220913122536.3 | ||
| 041 | 0 | |a eng | |
| 044 | |a US | ||
| 245 | 1 | 0 | |a <The> fine-tuned organization. |c Ch. Hammons, G.A. Maddux |
| 520 | |a Na základe paralely s orchestrom rozoberajú sa funkcie a úlohy jednotlivých útvarov a pracovníkov podniku pri zabezpečovaní akosti produkcie alebo služieb. Chovanie a vedenie účastníkov procesu, od najímania pracovníkov, až po vytvorenie želaného produktu. | ||
| 610 | 2 | 0 | |a organizácia podniku |
| 610 | 2 | 0 | |a organizácia riadenia |
| 610 | 2 | 0 | |a pracovníci |
| 610 | 2 | 0 | |a kvalita výrobkov |
| 610 | 2 | 0 | |a kvalita práce |
| 610 | 2 | 0 | |a riadenie podnikové |
| 610 | 2 | 0 | |a služby |
| 610 | 2 | 0 | |a výroba |
| 100 | 1 | |a Hammons, Ch. | |
| 700 | 1 | |a Maddux, G.A. | |